000 00333cam a22001217a 4500
008 180718b1979 xxu||||| |||| 00| 0 eng d
082 _aB12x54 Si64
100 _aSinha, V.C.
245 _aDynamics of India's population growth
_cby V.C. Sinha
260 _aNew Delhi
_bNational
_c1979
300 _a506p.
650 _aPopulation - India
999 _c353852
_d353852